<?xml version="1.0" encoding="UTF-8"?>
<collection xmlns="http://www.loc.gov/MARC21/slim">
 <record>
  <leader>02756nam a2200253 a 4500</leader>
  <controlfield tag="001">1/27884</controlfield>
  <controlfield tag="008">      s2001    lu     f      00010 gre d</controlfield>
  <datafield tag="022" ind1="0" ind2=" ">
   <subfield code="a">0254-1483</subfield>
  </datafield>
  <datafield tag="022" ind1="0" ind2=" ">
   <subfield code="a">0254-1475</subfield>
  </datafield>
  <datafield tag="028" ind1="3" ind2="1">
   <subfield code="a">KT-CO-01-337-GR-C</subfield>
  </datafield>
  <datafield tag="028" ind1="3" ind2="1">
   <subfield code="a">KT-CO-01-337-EN-C</subfield>
  </datafield>
  <datafield tag="028" ind1="3" ind2="1">
   <subfield code="a">2000/0068 (COD)</subfield>
  </datafield>
  <datafield tag="035" ind1=" " ind2=" ">
   <subfield code="l">29749</subfield>
  </datafield>
  <datafield tag="040" ind1=" " ind2=" ">
   <subfield code="a">GR-PeUP</subfield>
  </datafield>
  <datafield tag="084" ind1=" " ind2=" ">
   <subfield code="2">KET</subfield>
   <subfield code="a">COM (2001) 324 τελικό</subfield>
  </datafield>
  <datafield tag="110" ind1="2" ind2=" ">
   <subfield code="a">Επιτροπή των Ευρωπαϊκών Κοινοτήτων.</subfield>
  </datafield>
  <datafield tag="245" ind1="1" ind2="0">
   <subfield code="a">Γνωμοδότηση της Επιτροπής σύμφωνα με το άρθρο 251, παράγραφος 2, στοιχείο γ) της συνθήκης ΕΚ, επί των τροπολογιών του Ευρωπαϊκού Κοινοβουλίου στην κοινή θέση του Συμβουλίου σχετικά με την πρόταση Οδηγίας του Ευρωπαϊκού Κοινοβουλίου και του Συμβουλίου για την τροποποίηση της οδηγίας 95/53/ΕΚ του Συμβουλίου για τον καθορισμό των αρχών οργάνωσης των επίσημων ελέγχων στον τομέα της διατροφής των ζώων και των οδηγιών 70/524/ΕΟΚ, 96/25/ΕΚ and 1999/29/ΕΚ σχετικά με τη διατροφή των ζώων:</subfield>
   <subfield code="b">περί τροποποιήσεως της πρότασης της Επιτροπής σύμφωνα με το άρθρο 250, παράγραφος 2 της συνθήκης ΕΚ/</subfield>
   <subfield code="c">Επιτροπή των Ευρωπαϊκών Κοινοτήτων</subfield>
  </datafield>
  <datafield tag="246" ind1="1" ind2="0">
   <subfield code="a">Opinion of the Commission pursuant to Article 251(2) (c) of the EC Treaty, on the European Parliament's amendments to the Council's common position regarding the proposal for a Directive of the European Parliament and of the Council amending Council Directive 95/53/EC fixing the principles governing the organisation of official inspections in the field of animal nutrition and directives 70/524/EEC, 96/25/EC and 1999/29/EC on animal nutrition:</subfield>
   <subfield code="b">amending the proposal of the Commission pursuant to Article 250 (2) of the EC Treaty</subfield>
  </datafield>
  <datafield tag="260" ind1="0" ind2=" ">
   <subfield code="a">Βρυξέλλες, Λουξεμβούργο:</subfield>
   <subfield code="b">Υπηρεσία Επισήμων Εκδόσεων των Ευρωπαϊκών Κοινοτήτων,</subfield>
   <subfield code="c">7.6.2001</subfield>
  </datafield>
  <datafield tag="300" ind1=" " ind2=" ">
   <subfield code="a">5 σελ.</subfield>
  </datafield>
  <datafield tag="500" ind1=" " ind2=" ">
   <subfield code="a">Δίγλωσσο</subfield>
  </datafield>
  <datafield tag="852" ind1=" " ind2=" ">
   <subfield code="a">INST</subfield>
   <subfield code="b">UNIPILB</subfield>
   <subfield code="c">KET</subfield>
   <subfield code="e">20050902</subfield>
   <subfield code="h">COM (2001) 324</subfield>
   <subfield code="p">COM (2001) 324</subfield>
   <subfield code="q">COM (2001) 324</subfield>
   <subfield code="t">NOLOAN</subfield>
   <subfield code="y">23</subfield>
   <subfield code="4">1</subfield>
  </datafield>
  <datafield tag="856" ind1="4" ind2="1">
   <subfield code="u">http://eur-lex.europa.eu/LexUriServ/LexUriServ.do?uri=COM:2001:0324:FIN:EL:PDF</subfield>
  </datafield>
  <datafield tag="856" ind1="4" ind2="1">
   <subfield code="u">http://eur-lex.europa.eu/LexUriServ/LexUriServ.do?uri=COM:2001:0324:FIN:EN:PDF</subfield>
  </datafield>
 </record>
</collection>
